000 00252nam a2200109Ia 4500
008 200302s9999 xx 000 0 und d
100 _aCore Vidal & Other
245 _aVidal in Venice
260 _bSummit Books Ltd.
260 _c1985
300 _a160 P.,
999 _c2299
_d2299